Normal view
MARC view
Entry Topical Term
001 - CONTROL NUMBER
- control field: 264865
003 - CONTROL NUMBER IDENTIFIER
- control field: OSt
005 - DATE AND TIME OF LATEST TRANSACTION
- control field: 20260601125055.0
008 - FIXED-LENGTH DATA ELEMENTS
- fixed length control field: 260601|| aca||aabn | a|a d
040 ## - CATALOGING SOURCE
- Original cataloging agency: OSt
- Transcribing agency: OSt
150 ## - HEADING--TOPICAL TERM
- Topical term or geographic name entry element: Indian History
670 ## - SOURCE DATA FOUND
- Source citation: Work cat.: (OSt)100643: RAM SHARAN SHARMA. ಆರ್ ಎಸ್ ಶರ್ಮ 264864, Prachina Bharatha., 1997